5HLuxD.jpg

KING HENRY VIII SENIOR AND PRIMARY SCHOOL LIBRARY OPAC

13 hours / (Record no. 5102)

000 -LEADER
fixed length control field 00642nam a22002057a 4500
003 - CONTROL NUMBER IDENTIFIER
control field OSt
005 - DATE AND TIME OF LATEST TRANSACTION
control field 20250618085805.0
008 - FIXED-LENGTH DATA ELEMENTS--GENERAL INFORMATION
fixed length control field 250618b ||||| |||| 00| 0 eng d
020 ## - INTERNATIONAL STANDARD BOOK NUMBER
International Standard Book Number 9781848531161
040 ## - CATALOGING SOURCE
Transcribing agency KH8
082 ## - DEWEY DECIMAL CLASSIFICATION NUMBER
Classification number FIC DHA
100 ## - MAIN ENTRY--PERSONAL NAME
Personal name Dhami, Narinder,
Relator term author.
245 ## - TITLE STATEMENT
Title 13 hours /
Statement of responsibility, etc. Narinder Dhami.
260 ## - PUBLICATION, DISTRIBUTION, ETC.
Place of publication, distribution, etc. UK ;
Name of publisher, distributor, etc. Tamarind Books,
Date of publication, distribution, etc. 2015.
300 ## - PHYSICAL DESCRIPTION
Extent 267 pages :
Dimensions 20 cm.
520 ## - SUMMARY, ETC.
Summary, etc. Your home was the one place you felt safe.<br/>Now it's your prison.<br/>You were invisible.<br/>Now your every move is monitored by masked strangers.
650 ## - SUBJECT ADDED ENTRY--TOPICAL TERM
Topical term or geographic name entry element Fiction
Form subdivision Thriller
650 ## - SUBJECT ADDED ENTRY--TOPICAL TERM
Topical term or geographic name entry element Fiction
Form subdivision Mystery
942 ## - ADDED ENTRY ELEMENTS (KOHA)
Source of classification or shelving scheme
Koha item type Books - Fiction
Holdings
Withdrawn status Lost status Source of classification or shelving scheme Damaged status Not for loan Collection code Permanent Location Current Location Shelving location Date acquired Full call number Barcode Date last seen Price effective from Koha item type
          Fiction KH8 Senior School Library KH8 Senior School Library Fiction 2025-06-18 FIC DHA 3KHSL000102288 2025-06-18 2025-06-18 Books - Fiction

Powered By KH8 IT Dept